000 00675nam a2200289Ia 4500
005 20260324125211.0
008 008 260324s9999 xx 000 0 eng d
020 _a9780203878521
037 _aEBOOK
040 _aCRL
040 _beng
040 _cCRL
041 _2eng
041 _aeng
084 _qCRL
100 _aHeinz Herrmann
_91177077
245 0 _aMonetary Policy Over Fifty Years
245 0 _bExperiences and Lessons
260 _bTaylor and Francis
260 _c2009
365 _a
365 _b240
856 _uhttp://www.taylorfrancis.com/books/9780203878521
942 _cEBOOK
999 _c1772120
_d1772120